Using Excel to Analyse the Cost of Offering Critical Illness Cover in Life Insurance

Definovanie kritických chorôb a spôsoby ich poisťovania. Oceňovanie dávky poistenia kritických chorôb v rámci zmluvy životného poistenia z pohľadu potenciálneho poistenca. Výpočet dodatočného poistného pre rôzne úrovne dávok poistenia kritických chorôb pomocou MS Excel, s využitím viachodnotových st...

Full description

Saved in:
Bibliographic Details
Main Author: Luffrum, Graham
Other Authors: Bilíková, Mária, 1951-
Format: Book Chapter
Language:English
Subjects:
Tags: Add Tag
No Tags, Be the first to tag this record!

MARC

LEADER 00000naa$a2200000$$$4500
001 0257010
005 20240502074100.6
041 0 |a eng 
044 |a SK 
245 1 0 |a Using Excel to Analyse the Cost of Offering Critical Illness Cover in Life Insurance  |c Graham Luffrum, Mária Bilíková 
520 |a Definovanie kritických chorôb a spôsoby ich poisťovania. Oceňovanie dávky poistenia kritických chorôb v rámci zmluvy životného poistenia z pohľadu potenciálneho poistenca. Výpočet dodatočného poistného pre rôzne úrovne dávok poistenia kritických chorôb pomocou MS Excel, s využitím viachodnotových stavových modelov a VBA pri kalkulácii relevantných peňažných tokov. 
610 2 0 |a choroby civilizačné 
610 2 0 |a poistenie životné 
610 2 0 |a poistenci 
610 2 0 |a poistenie doplnkové 
610 2 0 |a programovanie matematické 
610 2 0 |a zmluvy 
100 1 |a Luffrum, Graham 
700 1 |a Bilíková, Mária, 1951-